Pour don Carlos (Record no. 173067)

MARC details
000 -LEADER
campo de control de longitud fija 00788nam a2200205 i 4500
001 - NÚMERO DE CONTROL
campo de control 173067
003 - IDENTIFICADOR DE NÚMERO DE CONTROL
campo de control ES-MaACL
005 - FECHA Y HORA DE LA ÚLTIMA TRANSACCIÓN
campo de control 20250905160924.0
008 - DATOS DE LONGITUD FIJA--INFORMACIÓN GENERAL
campo de control de longitud fija 091023s1951 fr |||| | fre d
080 ## - NÚMERO DE LA CLASIFICACIÓN DECIMAL UNIVERSAL
Número de la Clasificación Decimal Universal 782.6
100 1# - ENTRADA PRINCIPAL--NOMBRE DE PERSONA
Nombre de persona Mouëzy-Éon, André.
9 (RLIN) 139931
245 10 - MENCIÓN DEL TÍTULO
Título Pour don Carlos
Resto del título : opérette à grand spectacle en 2 actes et 16 tableaux, inspirée du roman de Pierre Benoit /
Mención de responsabilidad, etc. [livret] d'André Mouëzy-Eon et Raymond Vincy ; musique de Francis Lopez.
260 ## - PUBLICACIÓN, DISTRIBUCIÓN, ETC.
Lugar de publicación, distribución, etc. Paris :
Nombre del editor, distribuidor, etc. Royalty,
Fecha de publicación, distribución, etc. 1951.
300 ## - DESCRIPCIÓN FÍSICA
Extensión 179 p. ;
Dimensiones 16 cm.
650 04 - PUNTO DE ACCESO ADICIONAL DE MATERIA--TÉRMINO DE MATERIA
Término de materia o nombre geográfico como elemento de entrada Operetas-
Subdivisión de forma Libretos.
9 (RLIN) 139352
700 1# - ENTRADA AGREGADA--NOMBRE PERSONAL
Nombre de persona Vincy, Raymond.
9 (RLIN) 115320
700 1# - ENTRADA AGREGADA--NOMBRE PERSONAL
Nombre de persona López, Francis,
Fechas asociadas al nombre 1916-1995
9 (RLIN) 141010
852 4# - LOCALIZACIÓN
Ubicación ES-MaACL
Número de control de estantería E-13045
itemnumber R.190356 . -
Nota libre Biblioteca Jacinto Martínez Lacalle
Holdings
Estatus retirado Estado de pérdida Estado de daño No para préstamo Biblioteca de origen Biblioteca actual Ubicación en estantería Fecha de adquisición Fuente de adquisición Total de préstamos Signatura topográfica completa Código de barras Visto por última vez Precio de reemplazo Tipo de ítem Koha
        Biblioteca del Ateneo de Madrid Biblioteca del Ateneo de Madrid Depósito 2 23/10/2009     E-13045 1181599 23/02/2023 23/02/2023 Libro impreso